00378 2200157 4500245004800000020001800048250001100066100001200077650001600089005001900105260004200124041001400166084000800180300002300188336000900211 aSeandainya Aku Boleh MemilihcMira W.hText a9786020398938 aCet. 1 aMira W. aNovel Fiksi a20230109143558 aJakartabGramedia Pustaka Utamac2018 aIndonesia a813 a208 hlm. :c20 cm. atext